[Event "DEM U10w 2024"]
[Site "Willingen GER"]
[Date "2024.05.19"]
[Round "2"]
[White "Hirtzel, Hanna Meiki"]
[Black "Lao, Theodora Siyuan"]
[Result "0-1"]
[Termination "normal"]
[Board "13"]
[WhiteElo "942"]
[BlackElo "1087"]
[WhiteClock "01:03:30"]
[BlackClock "01:13:31"]
[PlyCount "50"]
[BlackFideId "34667547"]
[EventCountry "GER"]
[EventRounds "11"]
[EventType "swiss"]
[EventDate "2024.05.18"]

1. d4 {[%clk 01:15:57]} {[%emt 00:00:02]} d5 {[%clk 01:15:59]} {[%emt
00:00:01]} 2. c4 {[%clk 01:16:16]} {[%emt 00:00:11]} c6 {[%clk 01:16:10]}
{[%emt 00:00:20]} 3. Nc3 {[%clk 01:16:34]} {[%emt 00:00:11]} Nf6 {[%clk
01:16:29]} {[%emt 00:00:12]} 4. cxd5 {[%clk 01:16:43]} {[%emt 00:00:20]} Nxd5
{[%clk 01:16:33]} {[%emt 00:00:27]} 5. Nf3 {[%clk 01:16:55]} {[%emt 00:00:18]}
Bg4 {[%clk 01:16:18]} {[%emt 00:00:45]} 6. e3 {[%clk 01:16:29]} {[%emt
00:00:55]} Nd7 {[%clk 01:16:12]} {[%emt 00:00:37]} 7. Be2 {[%clk 01:16:17]}
{[%emt 00:00:41]} e6 {[%clk 01:15:56]} {[%emt 00:00:46]} 8. O-O {[%clk
01:16:28]} {[%emt 00:00:19]} Bd6 {[%clk 01:16:01]} {[%emt 00:00:24]} 9. h3
{[%clk 01:15:44]} {[%emt 00:01:15]} Bh5 {[%clk 01:15:54]} {[%emt 00:00:38]} 10.
a3 {[%clk 01:15:12]} {[%emt 00:01:02]} O-O {[%clk 01:16:01]} {[%emt 00:00:23]}
11. b4 {[%clk 01:15:07]} {[%emt 00:00:32]} Nxc3 {[%clk 01:15:56]} {[%emt
00:00:37]} 12. Qc2 {[%clk 01:14:33]} {[%emt 00:01:05]} Nxe2+ {[%clk 01:16:11]}
{[%emt 00:00:15]} 13. Qxe2 {[%clk 01:14:47]} {[%emt 00:00:15]} e5 {[%clk
01:15:29]} {[%emt 00:01:13]} 14. Bb2 {[%clk 01:14:01]} {[%emt 00:01:17]} e4
{[%clk 01:15:42]} {[%emt 00:00:16]} 15. Rac1 {[%clk 01:12:02]} {[%emt
00:02:27]} exf3 {[%clk 01:15:59]} {[%emt 00:00:15]} 16. gxf3 {[%clk 01:12:17]}
{[%emt 00:00:14]} Qg5+ {[%clk 01:15:52]} {[%emt 00:00:35]} 17. Kh1 {[%clk
01:12:20]} {[%emt 00:00:24]} Qh4 {[%clk 01:15:56]} {[%emt 00:00:30]} 18. Kg2
{[%clk 01:10:18]} {[%emt 00:02:33]} Nf6 {[%clk 01:15:35]} {[%emt 00:00:51]} 19.
e4 {[%clk 01:07:22]} {[%emt 00:03:26]} Bf4 {[%clk 01:14:33]} {[%emt 00:01:32]}
20. Rc5 {[%clk 01:06:31]} {[%emt 00:01:20]} Rfe8 {[%clk 01:14:07]} {[%emt
00:00:57]} 21. Qd3 {[%clk 01:05:27]} {[%emt 00:01:34]} Bg6 {[%clk 01:13:15]}
{[%emt 00:01:22]} 22. Qc4 {[%clk 01:04:45]} {[%emt 00:01:12]} Nxe4 {[%clk
01:12:49]} {[%emt 00:00:58]} 23. fxe4 {[%clk 01:03:52]} {[%emt 00:01:21]} Bxe4+
{[%clk 01:13:00]} {[%emt 00:00:19]} 24. f3 {[%clk 01:03:30]} {[%emt 00:00:52]}
Qg3+ {[%clk 01:13:06]} {[%emt 00:00:23]} 25. Kh1 {[%emt 00:03:18]} Qh2# {[%clk
01:13:31]} 0-1

[Event "DEM U10w 2024"]
[Site "Willingen GER"]
[Date "2024.05.19"]
[Round "2"]
[White "Wolf, Aurelia"]
[Black "Jänsch, Layla"]
[Result "1-0"]
[Termination "normal"]
[Board "14"]
[WhiteElo "1498"]
[BlackElo "962"]
[WhiteClock "01:20:15"]
[BlackClock "01:17:54"]
[PlyCount "61"]
[WhiteFideId "34671048"]
[EventCountry "GER"]
[EventRounds "11"]
[EventType "swiss"]
[EventDate "2024.05.18"]

1. e4 {[%clk 01:15:57]} {[%emt 00:00:03]} e5 {[%clk 01:15:56]} {[%emt
00:00:05]} 2. Nf3 {[%clk 01:16:21]} {[%emt 00:00:06]} Nc6 {[%clk 01:16:22]}
{[%emt 00:00:05]} 3. Bc4 {[%clk 01:16:44]} {[%emt 00:00:06]} Be7 {[%clk
01:16:46]} {[%emt 00:00:06]} 4. d4 {[%clk 01:16:32]} {[%emt 00:00:42]} exd4
{[%clk 01:17:10]} {[%emt 00:00:06]} 5. Nxd4 {[%clk 01:16:53]} {[%emt 00:00:09]}
Nf6 {[%clk 01:17:21]} {[%emt 00:00:19]} 6. Nxc6 {[%clk 01:16:20]} {[%emt
00:01:02]} dxc6 {[%clk 01:17:13]} {[%emt 00:00:39]} 7. Qxd8+ {[%clk 01:16:39]}
{[%emt 00:00:10]} Bxd8 {[%clk 01:17:34]} {[%emt 00:00:09]} 8. Nc3 {[%clk
01:16:17]} {[%emt 00:00:53]} O-O {[%clk 01:17:50]} {[%emt 00:00:14]} 9. O-O
{[%clk 01:16:05]} {[%emt 00:00:41]} Be7 {[%clk 01:17:07]} {[%emt 00:01:14]} 10.
Bg5 {[%clk 01:15:08]} {[%emt 00:01:26]} Re8 {[%clk 01:16:55]} {[%emt 00:00:43]}
11. Rfe1 {[%clk 01:13:33]} {[%emt 00:02:04]} h6 {[%clk 01:15:47]} {[%emt
00:01:38]} 12. Bf4 {[%clk 01:13:49]} {[%emt 00:00:11]} Bd6 {[%clk 01:15:26]}
{[%emt 00:00:54]} 13. e5 {[%clk 01:14:06]} {[%emt 00:00:13]} Nh5 {[%clk
01:14:46]} {[%emt 00:01:11]} 14. exd6 {[%clk 01:13:59]} {[%emt 00:00:37]} Rxe1+
{[%clk 01:14:46]} {[%emt 00:00:31]} 15. Rxe1 {[%clk 01:14:16]} {[%emt
00:00:12]} Nxf4 {[%emt 00:00:17]} 16. Re8+ {[%clk 01:14:10]} {[%emt 00:00:34]}
Kh7 {[%clk 01:15:15]} {[%emt 00:00:16]} 17. d7 {[%clk 01:14:20]} {[%emt
00:00:20]} b5 {[%clk 01:14:34]} {[%emt 00:01:11]} 18. Rxc8 {[%clk 01:14:23]}
{[%emt 00:00:26]} Rxc8 {[%clk 01:14:15]} {[%emt 00:00:49]} 19. dxc8=Q {[%clk
01:14:42]} {[%emt 00:00:12]} bxc4 {[%clk 01:14:34]} {[%emt 00:00:11]} 20. Qxc7
{[%clk 01:14:48]} {[%emt 00:00:24]} Nd5 {[%clk 01:14:34]} {[%emt 00:00:30]} 21.
Nxd5 {[%clk 01:15:07]} {[%emt 00:00:10]} cxd5 {[%clk 01:14:53]} {[%emt
00:00:11]} 22. Qxf7 {[%clk 01:15:22]} {[%emt 00:00:16]} d4 {[%clk 01:14:49]}
{[%emt 00:00:33]} 23. Qxc4 {[%clk 01:15:39]} {[%emt 00:00:13]} a5 {[%clk
01:15:10]} {[%emt 00:00:09]} 24. Qxd4 {[%clk 01:15:55]} {[%emt 00:00:14]} Kh8
{[%clk 01:15:31]} {[%emt 00:00:10]} 25. c4 {[%clk 01:16:19]} {[%emt 00:00:06]}
Kh7 {[%clk 01:15:49]} {[%emt 00:00:11]} 26. c5 {[%clk 01:16:43]} {[%emt
00:00:06]} g5 {[%clk 01:16:15]} {[%emt 00:00:05]} 27. c6 {[%clk 01:17:04]}
{[%emt 00:00:09]} h5 {[%clk 01:16:38]} {[%emt 00:00:06]} 28. c7 {[%clk
01:17:28]} {[%emt 00:00:07]} Kh6 {[%clk 01:16:57]} {[%emt 00:00:10]} 29. c8=Q
{[%clk 01:17:47]} {[%emt 00:00:12]} g4 {[%clk 01:17:12]} {[%emt 00:00:15]} 30.
Qf4+ {[%clk 01:17:57]} {[%emt 00:00:20]} Kg6 {[%clk 01:17:54]} {[%emt
00:01:39]} 31. Qg8# {[%clk 01:20:15]} {[%emt 00:00:10]} 1-0

[Event "DEM U10w 2024"]
[Site "Willingen GER"]
[Date "2024.05.19"]
[Round "2"]
[White "Pygoch, Lene"]
[Black "Seyedfakhari, Elena"]
[Result "1-0"]
[Termination "normal"]
[Board "15"]
[WhiteElo "917"]
[BlackElo "1060"]
[WhiteClock "01:00:22"]
[BlackClock "01:11:59"]
[PlyCount "67"]
[WhiteFideId "533016496"]
[BlackFideId "34639888"]
[EventCountry "GER"]
[EventRounds "11"]
[EventType "swiss"]
[EventDate "2024.05.18"]

1. e4 {[%clk 01:15:58]} {[%emt 00:00:01]} e5 {[%clk 01:15:53]} {[%emt
00:00:07]} 2. Nf3 {[%clk 01:16:19]} {[%emt 00:00:08]} Nc6 {[%clk 01:16:16]}
{[%emt 00:00:08]} 3. Bc4 {[%clk 01:16:35]} {[%emt 00:00:12]} Nf6 {[%clk
01:16:37]} {[%emt 00:00:10]} 4. Ng5 {[%clk 01:16:51]} {[%emt 00:00:14]} d5
{[%clk 01:16:45]} {[%emt 00:00:23]} 5. exd5 {[%clk 01:17:09]} {[%emt 00:00:12]}
Nxd5 {[%clk 01:16:53]} {[%emt 00:00:21]} 6. Nc3 {[%clk 01:17:19]} {[%emt
00:00:21]} Nxc3 {[%clk 01:17:12]} {[%emt 00:00:10]} 7. bxc3 {[%clk 01:17:32]}
{[%emt 00:00:17]} Qxg5 {[%clk 01:17:26]} {[%emt 00:00:16]} 8. d3 {[%clk
01:17:40]} {[%emt 00:00:22]} Qf6 {[%clk 01:17:37]} {[%emt 00:00:17]} 9. Be3
{[%clk 01:17:09]} {[%emt 00:01:03]} Be6 {[%clk 01:17:28]} {[%emt 00:00:40]} 10.
Bxe6 {[%clk 01:14:43]} {[%emt 00:02:54]} Qxe6 {[%clk 01:17:42]} {[%emt
00:00:17]} 11. O-O {[%clk 01:14:53]} {[%emt 00:00:20]} Bd6 {[%clk 01:17:24]}
{[%emt 00:00:45]} 12. Re1 {[%clk 01:14:49]} {[%emt 00:00:35]} O-O {[%clk
01:17:25]} {[%emt 00:00:33]} 13. Bg5 {[%clk 01:14:46]} {[%emt 00:00:32]} Qg6
{[%clk 01:17:13]} {[%emt 00:00:38]} 14. Qd2 {[%clk 01:14:58]} {[%emt 00:00:22]}
h6 {[%clk 01:16:37]} {[%emt 00:01:06]} 15. Be3 {[%clk 01:15:15]} {[%emt
00:00:12]} Rad8 {[%clk 01:16:31]} {[%emt 00:00:33]} 16. Rab1 {[%clk 01:12:55]}
{[%emt 00:02:51]} b6 {[%clk 01:16:31]} {[%emt 00:00:33]} 17. Re2 {[%clk
01:06:27]} {[%emt 00:06:54]} Qh5 {[%clk 01:16:25]} {[%emt 00:00:28]} 18. h3
{[%clk 01:04:58]} {[%emt 00:02:08]} e4 {[%clk 01:16:30]} {[%emt 00:00:28]} 19.
dxe4 {[%clk 01:04:58]} {[%emt 00:00:31]} Bh2+ {[%clk 01:16:48]} {[%emt
00:00:11]} 20. Kxh2 {[%emt 00:00:31]} Rxd2 {[%emt 00:00:13]} 21. Rxd2 {[%clk
01:04:27]} {[%emt 00:00:17]} Qe5+ {[%clk 01:16:49]} {[%emt 00:00:27]} 22. f4
{[%clk 01:04:43]} {[%emt 00:00:15]} Qxc3 {[%clk 01:16:47]} {[%emt 00:00:33]}
23. Rb3 {[%clk 01:04:51]} {[%emt 00:00:22]} Qc4 {[%clk 01:16:26]} {[%emt
00:00:46]} 24. e5 {[%clk 01:03:39]} {[%emt 00:01:46]} Qe6 {[%clk 01:16:10]}
{[%emt 00:00:33]} 25. Rbd3 {[%clk 01:00:07]} {[%emt 00:04:14]} Qe7 {[%clk
01:15:50]} {[%emt 00:00:46]} 26. Rd7 {[%clk 00:59:59]} {[%emt 00:00:43]} Qe6
{[%clk 01:15:44]} {[%emt 00:00:32]} 27. Rxc7 {[%clk 01:00:13]} {[%emt
00:00:20]} Nb8 {[%clk 01:14:05]} {[%emt 00:02:05]} 28. Rxa7 {[%clk 01:00:19]}
{[%emt 00:00:28]} f6 {[%clk 01:13:35]} {[%emt 00:01:01]} 29. Rb7 {[%clk
01:00:19]} {[%emt 00:00:29]} Qxa2 {[%clk 01:13:13]} {[%emt 00:00:53]} 30. Rxb6
{[%clk 01:00:15]} {[%emt 00:00:31]} fxe5 {[%clk 01:12:50]} {[%emt 00:00:56]}
31. fxe5 {[%clk 01:00:25]} {[%emt 00:00:18]} Kf7 {[%clk 01:11:50]} {[%emt
00:01:27]} 32. e6+ {[%clk 01:00:20]} {[%emt 00:00:38]} Ke7 {[%clk 01:11:53]}
{[%emt 00:00:22]} 33. Bc5+ {[%clk 01:00:22]} {[%emt 00:00:32]} Ke8 {[%clk
01:11:59]} {[%emt 00:00:23]} 34. Rxb8# {[%emt 00:02:15]} 1-0

[Event "DEM U10w 2024"]
[Site "Willingen GER"]
[Date "2024.05.19"]
[Round "2"]
[White "Vasilieva, Victoria"]
[Black "Seitov, Adela"]
[Result "1-0"]
[Termination "normal"]
[Board "16"]
[WhiteElo "1048"]
[BlackElo "923"]
[WhiteClock "01:10:24"]
[BlackClock "01:21:45"]
[PlyCount "59"]
[WhiteFideId "533007071"]
[BlackFideId "34675140"]
[EventCountry "GER"]
[EventRounds "11"]
[EventType "swiss"]
[EventDate "2024.05.18"]

1. d4 {[%clk 01:15:57]} {[%emt 00:00:03]} e6 {[%clk 01:15:55]} {[%emt
00:00:05]} 2. c4 {[%clk 01:16:14]} {[%emt 00:00:13]} d5 {[%clk 01:16:18]}
{[%emt 00:00:08]} 3. Nf3 {[%clk 01:16:09]} {[%emt 00:00:34]} Bb4+ {[%clk
01:16:38]} {[%emt 00:00:10]} 4. Nc3 {[%clk 01:15:41]} {[%emt 00:00:57]} Bxc3+
{[%clk 01:16:58]} {[%emt 00:00:12]} 5. bxc3 {[%clk 01:15:55]} {[%emt 00:00:16]}
dxc4 {[%clk 01:17:16]} {[%emt 00:00:12]} 6. Qa4+ {[%clk 01:16:12]} {[%emt
00:00:12]} Qd7 {[%clk 01:17:24]} {[%emt 00:00:23]} 7. Qxc4 {[%clk 01:16:00]}
{[%emt 00:00:41]} Nc6 {[%clk 01:17:32]} {[%emt 00:00:23]} 8. Bf4 {[%clk
01:15:37]} {[%emt 00:00:52]} Qd5 {[%clk 01:17:25]} {[%emt 00:00:37]} 9. Qd3
{[%clk 01:15:39]} {[%emt 00:00:28]} Qf5 {[%clk 01:17:22]} {[%emt 00:00:34]} 10.
Qd2 {[%clk 01:15:03]} {[%emt 00:01:04]} Nf6 {[%clk 01:17:16]} {[%emt 00:00:37]}
11. e3 {[%clk 01:14:14]} {[%emt 00:01:18]} Ne4 {[%clk 01:17:14]} {[%emt
00:00:32]} 12. Qc2 {[%clk 01:14:08]} {[%emt 00:00:34]} Nd6 {[%clk 01:17:23]}
{[%emt 00:00:25]} 13. Bd3 {[%clk 01:14:12]} {[%emt 00:00:24]} Qf6 {[%clk
01:17:34]} {[%emt 00:00:20]} 14. Bg5 {[%clk 01:13:49]} {[%emt 00:00:52]} Nb4
{[%clk 01:17:33]} {[%emt 00:00:33]} 15. cxb4 {[%clk 01:12:16]} {[%emt
00:02:02]} Qxf3 {[%clk 01:17:39]} {[%emt 00:00:24]} 16. gxf3 {[%clk 01:12:15]}
{[%emt 00:00:30]} f6 {[%clk 01:17:55]} {[%emt 00:00:15]} 17. Bh4 {[%clk
01:12:13]} {[%emt 00:00:31]} g5 {[%clk 01:18:09]} {[%emt 00:00:18]} 18. Bg3
{[%clk 01:12:22]} {[%emt 00:00:19]} e5 {[%clk 01:18:32]} {[%emt 00:00:09]} 19.
dxe5 {[%clk 01:12:36]} {[%emt 00:00:16]} fxe5 {[%clk 01:18:47]} {[%emt
00:00:15]} 20. Bxe5 {[%clk 01:12:37]} {[%emt 00:00:28]} O-O {[%clk 01:18:58]}
{[%emt 00:00:19]} 21. Bxh7+ {[%clk 01:12:36]} {[%emt 00:00:30]} Kf7 {[%clk
01:19:20]} {[%emt 00:00:10]} 22. Qg6+ {[%clk 01:12:26]} {[%emt 00:00:38]} Ke7
{[%clk 01:19:42]} {[%emt 00:00:09]} 23. Qg7+ {[%clk 01:12:11]} {[%emt
00:00:44]} Rf7 {[%clk 01:19:55]} {[%emt 00:00:19]} 24. Qxg5+ {[%clk 01:11:25]}
{[%emt 00:01:14]} Kf8 {[%clk 01:20:08]} {[%emt 00:00:18]} 25. Qg8+ {[%clk
01:10:56]} {[%emt 00:00:57]} Ke7 {[%clk 01:20:31]} {[%emt 00:00:10]} 26. Bxd6+
{[%clk 01:10:45]} {[%emt 00:00:40]} cxd6 {[%clk 01:20:52]} {[%emt 00:00:10]}
27. Rg1 {[%clk 01:09:58]} {[%emt 00:01:16]} Rf8 {[%clk 01:21:15]} {[%emt
00:00:08]} 28. Rg7+ {[%clk 01:09:38]} {[%emt 00:00:47]} Ke8 {[%clk 01:21:31]}
{[%emt 00:00:15]} 29. Bg6+ {[%clk 01:09:36]} {[%emt 00:00:32]} Kd8 {[%clk
01:21:45]} {[%emt 00:00:29]} 30. Qxf8# {[%clk 01:10:24]} {[%emt 00:00:29]} 1-0

[Event "DEM U10w 2024"]
[Site "Willingen GER"]
[Date "2024.05.19"]
[Round "2"]
[White "Sniegowski, Amalia"]
[Black "Fahim, Lina"]
[Result "1-0"]
[Termination "normal"]
[Board "19"]
[WhiteElo "998"]
[BlackElo "744"]
[WhiteClock "01:12:38"]
[BlackClock "01:02:16"]
[PlyCount "39"]
[WhiteFideId "34675620"]
[BlackFideId "533004820"]
[EventCountry "GER"]
[EventRounds "11"]
[EventType "swiss"]
[EventDate "2024.05.18"]

1. e4 {[%clk 01:15:58]} {[%emt 00:00:03]} e5 {[%clk 01:16:09]} {[%emt
00:00:02]} 2. Nf3 {[%clk 01:16:25]} {[%emt 00:00:21]} Nc6 {[%clk 01:16:31]}
{[%emt 00:00:08]} 3. Bc4 {[%clk 01:16:45]} {[%emt 00:00:11]} Bc5 {[%emt
00:00:22]} 4. d4 {[%clk 01:17:00]} exd4 {[%clk 01:16:56]} {[%emt 00:00:28]} 5.
Ng5 {[%clk 01:17:14]} {[%emt 00:00:16]} Nf6 {[%clk 01:16:55]} {[%emt 00:00:31]}
6. Nxf7 {[%clk 01:17:29]} {[%emt 00:00:14]} Qe7 {[%clk 01:16:13]} {[%emt
00:01:12]} 7. Nxh8 {[%clk 01:17:01]} {[%emt 00:00:58]} Na5 {[%clk 01:16:12]}
{[%emt 00:00:32]} 8. Be2 {[%clk 01:15:53]} {[%emt 00:01:37]} Bb4+ {[%clk
01:16:00]} {[%emt 00:00:43]} 9. c3 {[%clk 01:15:54]} {[%emt 00:00:29]} dxc3
{[%clk 01:15:41]} {[%emt 00:00:48]} 10. Nxc3 {[%clk 01:16:04]} {[%emt
00:00:20]} d6 {[%clk 01:15:17]} {[%emt 00:00:52]} 11. O-O {[%clk 01:15:47]}
{[%emt 00:00:49]} Bg4 {[%clk 01:14:52]} {[%emt 00:00:56]} 12. Bxg4 {[%clk
01:15:05]} {[%emt 00:01:11]} h5 {[%clk 01:13:25]} {[%emt 00:01:57]} 13. Bh3
{[%clk 01:14:44]} {[%emt 00:00:51]} Bc5 {[%clk 01:11:09]} {[%emt 00:02:46]} 14.
Re1 {[%clk 01:14:35]} {[%emt 00:00:38]} g5 {[%clk 01:07:24]} {[%emt 00:04:16]}
15. e5 {[%clk 01:13:24]} {[%emt 00:01:41]} Nd7 {[%clk 01:06:19]} {[%emt
00:01:35]} 16. exd6 {[%clk 01:13:28]} {[%emt 00:00:26]} cxd6 {[%clk 01:04:45]}
{[%emt 00:02:40]} 17. Rxe7+ {[%clk 01:13:50]} {[%emt 00:00:32]} Kxe7 {[%clk
01:03:49]} {[%emt 00:01:25]} 18. Bxg5+ {[%clk 01:13:54]} {[%emt 00:00:27]} Ke8
{[%clk 01:02:42]} {[%emt 00:01:36]} 19. Qxh5+ {[%clk 01:13:02]} {[%emt
00:01:22]} Kf8 {[%clk 01:02:16]} {[%emt 00:00:53]} 20. Qf7# {[%clk 01:12:38]}
{[%emt 00:00:57]} 1-0

[Event "DEM U10w 2024"]
[Site "Willingen GER"]
[Date "2024.05.19"]
[Round "2"]
[White "Malan, Benita Helena"]
[Black "Goyush, Shams"]
[Result "0-1"]
[Termination "normal"]
[Board "20"]
[WhiteElo "738"]
[BlackElo "996"]
[WhiteClock "01:11:08"]
[BlackClock "01:14:19"]
[PlyCount "26"]
[EventCountry "GER"]
[EventRounds "11"]
[EventType "swiss"]
[EventDate "2024.05.18"]

1. e4 {[%clk 01:15:58]} e5 {[%clk 01:15:52]} {[%emt 00:00:10]} 2. Nf3 {[%clk
01:16:21]} {[%emt 00:00:06]} Nc6 {[%clk 01:16:16]} {[%emt 00:00:06]} 3. Bc4
{[%clk 01:16:33]} {[%emt 00:00:17]} Bc5 {[%clk 01:16:37]} {[%emt 00:00:10]} 4.
O-O {[%clk 01:16:51]} {[%emt 00:00:12]} d6 {[%clk 01:16:57]} {[%emt 00:00:09]}
5. Nc3 {[%clk 01:17:06]} {[%emt 00:00:17]} Bg4 {[%clk 01:17:16]} {[%emt
00:00:08]} 6. d3 {[%clk 01:17:15]} {[%emt 00:00:22]} Nd4 {[%clk 01:17:25]}
{[%emt 00:00:22]} 7. Bg5 {[%clk 01:16:21]} {[%emt 00:01:23]} Bxf3 {[%clk
01:15:02]} {[%emt 00:02:54]} 8. Qd2 {[%clk 01:16:18]} {[%emt 00:00:32]} Qd7
{[%clk 01:14:30]} {[%emt 00:01:02]} 9. a4 {[%clk 01:16:19]} {[%emt 00:00:30]}
h6 {[%clk 01:14:40]} {[%emt 00:00:19]} 10. Be3 {[%clk 01:15:16]} {[%emt
00:01:32]} Qg4 {[%clk 01:14:23]} {[%emt 00:00:48]} 11. g3 {[%emt 00:00:17]} Qh3
{[%emt 00:00:19]} 12. Bb5+ {[%emt 00:01:38]} Nxb5 {[%emt 00:00:26]} 13. Nxb5
{[%clk 01:11:08]} {[%emt 00:01:59]} Qg2# {[%clk 01:14:19]} {[%emt 00:00:04]}
0-1

[Event "DEM U10w 2024"]
[Site "Willingen GER"]
[Date "2024.05.20"]
[Round "3"]
[White "Tu, Tiffany"]
[Black "Artemenko, Isabella"]
[Result "1/2-1/2"]
[Termination "normal"]
[Board "2"]
[WhiteElo "1618"]
[BlackElo "1237"]
[WhiteClock "00:09:39"]
[BlackClock "00:27:35"]
[PlyCount "112"]
[WhiteFideId "34628576"]
[BlackFideId "34639616"]
[EventCountry "GER"]
[EventRounds "11"]
[EventType "swiss"]
[EventDate "2024.05.18"]

1. e4 {[%clk 01:15:59]} d5 {[%clk 01:15:55]} {[%emt 00:00:06]} 2. exd5 {[%clk
01:16:24]} {[%emt 00:00:04]} Qxd5 {[%clk 01:16:20]} {[%emt 00:00:05]} 3. Nc3
{[%clk 01:16:49]} {[%emt 00:00:06]} Qa5 {[%clk 01:16:46]} {[%emt 00:00:03]} 4.
d4 {[%clk 01:17:04]} {[%emt 00:00:15]} Nf6 {[%clk 01:17:11]} {[%emt 00:00:06]}
5. Bd2 {[%clk 01:17:28]} {[%emt 00:00:05]} Qb6 {[%clk 01:17:17]} {[%emt
00:00:24]} 6. Bf4 {[%clk 01:11:47]} {[%emt 00:06:11]} Qxb2 {[%clk 00:51:19]}
{[%emt 00:26:29]} 7. Nge2 {[%clk 00:54:51]} {[%emt 00:17:24]} c6 {[%emt
00:23:38]} 8. Rb1 {[%clk 00:50:29]} {[%emt 00:03:45]} Qa3 {[%clk 00:29:36]}
{[%emt 00:00:10]} 9. Bc7 {[%clk 00:47:17]} {[%emt 00:03:45]} e6 {[%clk
00:28:21]} {[%emt 00:01:45]} 10. g3 {[%clk 00:43:45]} {[%emt 00:04:01]} Bb4
{[%clk 00:22:45]} {[%emt 00:06:06]} 11. Rb3 {[%clk 00:40:42]} {[%emt 00:03:34]}
Bxc3+ {[%clk 00:23:08]} {[%emt 00:00:07]} 12. Nxc3 {[%clk 00:41:03]} {[%emt
00:00:09]} Qe7 {[%clk 00:23:34]} {[%emt 00:00:04]} 13. Be5 {[%clk 00:39:22]}
{[%emt 00:02:11]} Nbd7 {[%clk 00:23:43]} {[%emt 00:00:21]} 14. Bg2 {[%clk
00:37:58]} {[%emt 00:01:54]} Nxe5 {[%clk 00:23:21]} {[%emt 00:00:52]} 15. dxe5
{[%clk 00:38:12]} {[%emt 00:00:16]} Nd7 {[%clk 00:23:38]} {[%emt 00:00:13]} 16.
f4 {[%clk 00:38:16]} {[%emt 00:00:26]} Nc5 {[%clk 00:22:45]} {[%emt 00:01:22]}
17. Rb1 {[%clk 00:37:56]} {[%emt 00:00:51]} Nd7 {[%clk 00:21:48]} {[%emt
00:01:27]} 18. Ne4 {[%clk 00:36:32]} {[%emt 00:01:54]} O-O {[%clk 00:20:15]}
{[%emt 00:02:03]} 19. O-O {[%clk 00:35:43]} {[%emt 00:01:19]} Rd8 {[%clk
00:19:28]} {[%emt 00:01:15]} 20. Qh5 {[%clk 00:31:15]} {[%emt 00:04:59]} g6
{[%clk 00:18:35]} {[%emt 00:01:23]} 21. Qh6 {[%clk 00:26:06]} {[%emt 00:05:40]}
Qf8 {[%clk 00:18:42]} {[%emt 00:00:20]} 22. Qh4 {[%clk 00:23:48]} {[%emt
00:02:49]} b6 {[%clk 00:12:07]} {[%emt 00:07:07]} 23. Rfd1 {[%clk 00:23:08]}
{[%emt 00:01:09]} h6 {[%clk 00:11:01]} {[%emt 00:01:36]} 24. Nd6 {[%clk
00:17:58]} {[%emt 00:05:40]} Ba6 {[%clk 00:09:56]} {[%emt 00:01:30]} 25. Bxc6
{[%clk 00:16:57]} {[%emt 00:01:37]} Rac8 {[%clk 00:10:18]} {[%emt 00:00:08]}
26. Bxd7 {[%clk 00:13:47]} {[%emt 00:03:40]} Rxd7 {[%clk 00:09:55]} {[%emt
00:00:52]} 27. Rbc1 {[%clk 00:08:14]} {[%emt 00:06:04]} Rcd8 {[%clk 00:09:50]}
{[%emt 00:00:34]} 28. c4 {[%clk 00:07:56]} {[%emt 00:00:49]} Kg7 {[%clk
00:09:23]} {[%emt 00:00:57]} 29. Qf6+ {[%clk 00:08:13]} {[%emt 00:00:13]} Kg8
{[%clk 00:09:31]} {[%emt 00:00:21]} 30. Kg2 {[%clk 00:08:02]} {[%emt 00:00:42]}
Bb7+ {[%clk 00:09:38]} {[%emt 00:00:24]} 31. Kh3 {[%clk 00:08:12]} {[%emt
00:00:19]} Qg7 {[%clk 00:09:53]} {[%emt 00:00:15]} 32. Qxg7+ {[%clk 00:07:43]}
{[%emt 00:00:59]} Kxg7 {[%clk 00:10:16]} {[%emt 00:00:07]} 33. c5 {[%clk
00:08:04]} {[%emt 00:00:09]} bxc5 {[%clk 00:10:28]} {[%emt 00:00:18]} 34. Rxc5
{[%clk 00:08:18]} {[%emt 00:00:17]} Bd5 {[%clk 00:10:49]} {[%emt 00:00:08]} 35.
a4 {[%clk 00:08:30]} {[%emt 00:00:18]} Bb3 {[%clk 00:11:03]} {[%emt 00:00:15]}
36. Rd4 {[%clk 00:08:32]} {[%emt 00:00:28]} Bd5 {[%clk 00:11:22]} {[%emt
00:00:12]} 37. Kg4 {[%clk 00:08:15]} {[%emt 00:00:46]} Kf8 {[%clk 00:11:28]}
{[%emt 00:00:23]} 38. Nb5 {[%clk 00:07:24]} {[%emt 00:01:23]} Bf3+ {[%clk
00:11:14]} {[%emt 00:00:44]} 39. Kxf3 {[%clk 00:07:48]} {[%emt 00:00:06]} Rxd4
{[%clk 00:11:40]} {[%emt 00:00:04]} 40. Nxd4 {[%clk 00:08:13]} {[%emt
00:00:05]} Rxd4 {[%clk 00:12:05]} {[%emt 00:00:05]} 41. Ra5 {[%clk 00:08:13]}
{[%emt 00:00:30]} Rd7 {[%clk 00:12:28]} {[%emt 00:00:07]} 42. h3 {[%clk
00:07:53]} {[%emt 00:00:49]} Kg7 {[%clk 00:10:52]} {[%emt 00:02:07]} 43. Ke4
{[%clk 00:06:37]} {[%emt 00:01:46]} h5 {[%clk 00:11:12]} {[%emt 00:00:10]} 44.
g4 {[%clk 00:04:25]} {[%emt 00:02:40]} hxg4 {[%clk 00:10:28]} {[%emt 00:01:15]}
45. hxg4 {[%clk 00:04:47]} {[%emt 00:00:09]} Kf8 {[%clk 00:10:46]} {[%emt
00:00:12]} 46. Ra6 {[%clk 00:04:15]} {[%emt 00:01:03]} Ke7 {[%clk 00:11:04]}
{[%emt 00:00:11]} 47. f5 {[%clk 00:03:01]} {[%emt 00:01:45]} gxf5+ {[%clk
00:11:09]} {[%emt 00:00:24]} 48. gxf5 {[%clk 00:03:15]} {[%emt 00:00:16]} exf5+
{[%clk 00:11:30]} {[%emt 00:00:08]} 49. Kxf5 {[%clk 00:03:41]} {[%emt
00:00:05]} Rc7 {[%clk 00:11:41]} {[%emt 00:00:19]} 50. a5 {[%clk 00:13:25]}
{[%emt 00:05:46]} Rb7 {[%clk 00:26:54]} {[%emt 00:00:13]} 51. Rc6 {[%clk
00:10:36]} {[%emt 00:03:23]} Rd7 {[%clk 00:27:14]} {[%emt 00:00:09]} 52. Ke4
{[%clk 00:09:39]} {[%emt 00:01:28]} Ke8 {[%clk 00:27:35]} {[%emt 00:00:08]} 53.
e6 fxe6 54. Rxe6+ Kd8 55. Rc6 Rc7 56. Kd5 Kd7 1/2-1/2